Paroles - Envole moi - Jean Jacques Goldman - Statistiques

Statistiques générales
  • Ce quiz a été pris 900 fois
  • Le résultat moyen est 186 sur 235
Statistiques - réponses
Réponse % Correct
en
99%
de
98%
à
97%
La
97%
la
97%
là,
97%
97%
le
97%
des
95%
dés
95%
Envole-moi,
95%
envole-moi,
95%
envole-moi
95%
Envole-moi
95%
et
95%
Et
95%
pas
94%
Pas
94%
je
93%
ma
93%
peau
93%
que
91%
se
91%
Les
90%
les
90%
colle
89%
pour
89%
qui
89%
te
89%
ici
88%
Ici,
88%
J'ai
88%
cette
86%
choisi
86%
Me
86%
ça
85%
tout
85%
fatalité
84%
nuit
84%
Entre
83%
haut
83%
Loin
83%
sortirai,
83%
j'me
82%
lève
82%
naître
82%
promets
82%
tours
82%
aveugle
81%
jure
81%
moyens
81%
sourd
81%
vivre
81%
faut,
80%
J'm'en
80%
légaux
80%
s'il
80%
ces
78%
devient
78%
Minuit
78%
ni
78%
quelques
78%
heures
77%
est
75%
j'emploierai
75%
laisse
75%
tous
75%
ou
74%
laideur
73%
sont
73%
camoufle
72%
l'ennui
72%
l'abandon
71%
peur
71%
rébellion
71%
du
70%
glace,
70%
murs
70%
ne
70%
violence
70%
d'autres
68%
L'hiver
68%
mais
68%
question
68%
être
67%
feu
67%
l'été
67%
mots
67%
horizons,
66%
A coup
65%
pipés
65%
sais
65%
l'ignorance
63%
soumission,
63%
jeu
62%
taisent
62%
voix
62%
franchirai
61%
Règles
61%
épaves
60%
mieux
60%
tête
60%
y'a
60%
livres,
59%
saison
59%
jamais
56%
Remplis
55%
sale
54%
zone
53%
fixées
52%
tire-moi
50%
moi
42%
toi,
42%
comme
41%
Avec
39%
emmène-moi,
39%
sans
38%
autres
30%
résignent
30%
vies
29%
n'finirai
27%
ressemble
26%
leur
25%
Montre-moi
21%
Regarde
21%
bien,
19%
yeux
18%
Croiser
12%
Aucun quiz correspondant
Distribution des résultats
% des personnes avec chaque résultat
Percentile par nombre de réponses
Votre historique - résultats
Vous n’avez pas pris ce quiz